Una broma de Quevedo (Record no. 170910)

MARC details
000 -LEADER
campo de control de longitud fija 00732nam a2200157 i 4500
001 - NÚMERO DE CONTROL
campo de control 170910
003 - IDENTIFICADOR DE NÚMERO DE CONTROL
campo de control ES-MaACL
005 - FECHA Y HORA DE LA ÚLTIMA TRANSACCIÓN
campo de control 20230906214508.0
008 - DATOS DE LONGITUD FIJA--INFORMACIÓN GENERAL
campo de control de longitud fija 090416s1854 sp |||| | spa d
100 0# - ENTRADA PRINCIPAL--NOMBRE DE PERSONA
Nombre de persona Eguilaz, Luis de.
9 (RLIN) 46758
245 14 - MENCIÓN DEL TÍTULO
Título Una broma de Quevedo
Resto del título : comedia original, en tres actos y en verso /
Mención de responsabilidad, etc. por Luis de Eguilaz.
260 ## - PUBLICACIÓN, DISTRIBUCIÓN, ETC.
Lugar de publicación, distribución, etc. Madrid :
Nombre del editor, distribuidor, etc. [s.n.],
Fecha de publicación, distribución, etc. 1854 (
Fabricante Imp. del Semanario é Ilustración)
300 ## - DESCRIPCIÓN FÍSICA
Extensión 76 p. ;
Dimensiones 19 cm.
500 ## - NOTA GENERAL
Nota general En port.: Representada por primera vez en el teatro del Príncipe el 24 de diciembre de 1853.
852 ## - LOCALIZACIÓN
Ubicación ES-MaACL
Número de control de estantería F-8569(5)
Nota libre Enc. pasta española
condición física .- Falto de la cub. original
Nota libre .- Enc. en vol. facticio formando parte de la col. "Teatro español moderno", vol. 22
Holdings
Estatus retirado Estado de pérdida Estado de daño No para préstamo Colección Biblioteca de origen Biblioteca actual Ubicación en estantería Fecha de adquisición Fuente de adquisición Total de préstamos Signatura topográfica completa Código de barras Visto por última vez Precio de reemplazo Tipo de ítem Koha
        Libros del s. XIX Biblioteca del Ateneo de Madrid Biblioteca del Ateneo de Madrid Sala Pecera Planta 2 16/04/2009     F-8569(5) 1179368 23/02/2023 23/02/2023 Libro impreso antiguo